000 01339nam a2200349 a 4500
001 000029441
003 DO-SdBPM
005 20250917131448.0
007 ta
008 110415t2009 dr 001 0 spa d
020 _a9993455369
040 _a DO-SdBPM
_bspa
_cBPMSU
_erda
049 _a
082 4 _a972.9304
_bM332a 2009
_222
100 1 _aSerra, José María,
_d1819-1888
_eautor
245 1 0 _aApuntes para la historia de los Trinitarios /
_cJosé María Serra ; edición de Tomás Castro Burdiez ; prólogo Jaime de Jesús Domínguez.
250 _a8ª ed.
264 _aSanto Domingo :
_bFundación para la Educación y el Arte (EDUCARTE),
_c2009
300 _a28 páginas ;
_c21 cm.
336 _atexto
_btxt
_2rdacontent
337 _asin mediación
_bn
_2rdamedia
338 _avolumen
_bnc
_2rdacarrier
490 0 _aComisión Permanente de Efemérides Patrias,
_v1
504 _aIncluye referencias bibliográficas y notas al pie de las páginas.
590 _aInventariado, 2025/VM
651 _aRepública Dominicana
_xHistoria
_y1844-1930
651 4 _aRepúblidca Dominicana
_xHistoria
_yOcupación haitiana , 1822-1844
700 1 _aCastro Burdiez, Tomás,
_d1959-,
_eeditor
700 1 _aJesús Domínguez, Jaime de
_eprólogo
910 _aVMateo V. Control de calidad. BPMSU
942 _2ddc
_cBK
999 _c7095
_d7095